[Event "Russian Championship B15 2016"]
[Site "Loo"]
[Date "2016.04.20"]
[Round "1.22"]
[White "Medvedev, Vladimir"]
[Black "Shirshov, Nikolay"]
[Result "0-1"]
[WhiteElo "1698"]
[BlackElo "2002"]
[PlyCount "60"]
[EventDate "2016.04.20"]

1. e4 c5 2. c4 Nc6 3. Nc3 g6 4. g3 Bg7 5. Bg2 e6 6. f4 Nge7 7. Nf3 d5 8. cxd5
exd5 9. exd5 Nxd5 10. Nxd5 Qxd5 11. O-O O-O 12. Ng5 Qd4+ 13. Kh1 h6 14. Nf3 Qd6
15. Qb3 Nd4 16. Nxd4 Qxd4 17. Qc3 Rb8 18. a4 Bf5 19. Ra3 Rfe8 20. Rb3 b6 21. a5
Re2 22. Qxd4 Bxd4 23. Bf3 Re7 24. d3 b5 25. Ra3 b4 26. Ra1 Bxd3 27. Rd1 Be2 28.
Bxe2 Rxe2 29. a6 Rbe8 30. Ra5 Rf2 0-1

[Event "Russian Championship B15 2016"]
[Site "Loo"]
[Date "2016.04.20"]
[Round "1.23"]
[White "Yeritsyan, Aram"]
[Black "Khroni, Nikita"]
[Result "1-0"]
[WhiteElo "2000"]
[BlackElo "1688"]
[PlyCount "37"]
[EventDate "2016.04.20"]

1. e4 c5 2. Nf3 Nc6 3. d4 cxd4 4. Nxd4 d6 5. c4 Nf6 6. Nc3 Qb6 7. Be3 Ng4 8.
Nd5 Nxe3 9. fxe3 Qxb2 10. Nc7+ Kd8 11. Nxa8 Qc3+ 12. Kf2 Ne5 13. Be2 Nxc4 14.
Bxc4 Qxc4 15. Rc1 Qxa2+ 16. Rc2 Qa5 17. Qc1 Bd7 18. Nb3 Qa4 19. Rc8+ 1-0

[Event "Russian Championship B15 2016"]
[Site "Loo"]
[Date "2016.04.20"]
[Round "1.24"]
[White "Balanda, Maksim"]
[Black "Shinkevich, Maksim"]
[Result "0-1"]
[WhiteElo "1615"]
[BlackElo "1997"]
[PlyCount "80"]
[EventDate "2016.04.20"]

1. d4 Nf6 2. Nf3 g6 3. Nbd2 Bg7 4. e4 d6 5. Bd3 O-O 6. O-O Nc6 7. Re1 e5 8.
dxe5 dxe5 9. Nc4 Nh5 10. a3 Qe7 11. h3 Nf4 12. Bxf4 exf4 13. c3 Be6 14. Qc2
Rfd8 15. Rad1 h5 16. Qe2 a6 17. e5 Rd7 18. Be4 Rad8 19. Rxd7 Qxd7 20. Bxc6 Qxc6
21. Ncd2 Qb6 22. Ne4 Qb5 23. Qxb5 axb5 24. Nc5 Bc8 25. Nd4 b6 26. Ncb3 Bd7 27.
Rd1 Be6 28. Re1 c5 29. Nxe6 fxe6 30. Kf1 Rd5 31. Nc1 Bxe5 32. Nd3 Bc7 33. Nxf4
Bxf4 34. Rxe6 Rd6 35. Re4 Bc1 36. b4 Bxa3 37. bxc5 bxc5 38. f4 Kf7 39. g4 hxg4
40. hxg4 Re6 0-1

[Event "Russian Championship B15 2016"]
[Site "Loo"]
[Date "2016.04.20"]
[Round "1.25"]
[White "Korolev, Kirill"]
[Black "Romadov, Dmitriy"]
[Result "1-0"]
[WhiteElo "1994"]
[BlackElo "1533"]
[PlyCount "93"]
[EventDate "2016.04.20"]

1. d4 Nf6 2. c4 g6 3. Nc3 d5 4. e3 Bg7 5. Nf3 O-O 6. Be2 c5 7. O-O b6 8. dxc5
bxc5 9. cxd5 Bb7 10. e4 Nfd7 11. Qb3 Qb6 12. Bg5 f6 13. Bf4 Qxb3 14. axb3 f5
15. e5 h6 16. h4 g5 17. hxg5 hxg5 18. Bxg5 Nxe5 19. Bxe7 Re8 20. Bxc5 Ned7 21.
Be3 Bxc3 22. bxc3 f4 23. Bxf4 Rxe2 24. c4 Na6 25. Rfe1 Rae8 26. Be3 Rxe1+ 27.
Rxe1 Nac5 28. Nd4 Ne5 29. Nb5 Ng4 30. Nd6 Re7 31. b4 Nd3 32. Rd1 Nxe3 33. fxe3
Nxb4 34. Rb1 Nxd5 35. Rxb7 Rxb7 36. Nxb7 Nxe3 37. c5 Nd5 38. c6 Nc7 39. Kf2 Kf7
40. Kf3 Ke6 41. Ke4 Nb5 42. g4 Nc3+ 43. Kf4 Nd5+ 44. Kg5 Ne3 45. Kh5 Nxg4 46.
Kxg4 a5 47. Nxa5 1-0

[Event "Russian Championship B15 2016"]
[Site "Loo"]
[Date "2016.04.20"]
[Round "1.26"]
[White "Kokuev, Iljya"]
[Black "Talypov, Ildar"]
[Result "0-1"]
[WhiteElo "1446"]
[BlackElo "1993"]
[PlyCount "78"]
[EventDate "2016.04.20"]

1. e4 e5 2. Nf3 Nc6 3. Nc3 Nf6 4. Bb5 Bb4 5. O-O d6 6. d3 O-O 7. Bg5 Bxc3 8.
bxc3 Ne7 9. Bxf6 gxf6 10. Re1 c6 11. Ba4 Qa5 12. Bb3 Qxc3 13. Re3 Ng6 14. d4
Qa5 15. dxe5 dxe5 16. Rd3 Qc7 17. Rd6 Bg4 18. Rxf6 Rad8 19. Qc1 Nf4 20. Qb2
Bxf3 21. gxf3 Qd7 22. Bc4 Qh3 23. Bf1 Qxf3 24. Qxe5 Qg4+ 25. Kh1 Ng6 26. Qf5
Qxf5 27. Rxf5 Rd4 28. Bd3 b6 29. Rf6 Rc8 30. a4 c5 31. Ba6 Rc7 32. f3 Rd2 33.
c4 Rcd7 34. Bb5 R7d3 35. Be8 Kf8 36. Bxf7 Kg7 37. Rf5 Rd1+ 38. Rxd1 Rxd1+ 39.
Kg2 Nh4+ 0-1

[Event "Russian Championship B15 2016"]
[Site "Loo"]
[Date "2016.04.20"]
[Round "1.27"]
[White "Babanin, Gleb"]
[Black "Shemyakin, Valeriy"]
[Result "1-0"]
[WhiteElo "1992"]
[BlackElo "2077"]
[PlyCount "121"]
[EventDate "2016.04.20"]

1. e4 d5 2. exd5 Qxd5 3. d4 Nc6 4. Nf3 e5 5. Nc3 Bb4 6. Bd2 Bxc3 7. Bxc3 e4 8.
Nd2 Nf6 9. Bc4 Qg5 10. Qe2 Qxg2 11. O-O-O Bg4 12. Qf1 Qxf1 13. Rdxf1 O-O-O 14.
Rhg1 h5 15. d5 Nxd5 16. Bxg7 Rhg8 17. Bxd5 Rxd5 18. Bc3 Re8 19. Re1 Bf5 20. f3
Rd7 21. fxe4 Bg6 22. e5 Bf5 23. Rg5 Bg4 24. Ne4 Red8 25. Nf2 Nd4 26. Bxd4 Rxd4
27. h3 Rf4 28. Nd3 Rf5 29. Rxf5 Bxf5 30. Nf4 h4 31. Re3 Rd4 32. Ng2 Kd7 33. c3
Ra4 34. a3 Ke6 35. b4 Rxa3 36. Kb2 Ra6 37. Nxh4 Rc6 38. Nf3 Rc4 39. Nd4+ Rxd4
40. cxd4 Kd5 41. Rf3 Ke4 42. Rf1 Bxh3 43. Rxf7 Kxd4 44. Rxc7 Kxe5 45. Rxb7 a6
46. Kb3 Kd5 47. Rb6 a5 48. Rb5+ Kc6 49. Rxa5 Kb6 50. Rg5 Bd7 51. Re5 Bg4 52.
Kc4 Bh3 53. b5 Bf1+ 54. Kb4 Bg2 55. Re6+ Kb7 56. Kc5 Bf3 57. Re7+ Kb8 58. Kb6
Kc8 59. Rc7+ Kd8 60. Rc3 Bg2 61. Ka7 1-0

[Event "Russian Championship B17 1st league 2016"]
[Site "Loo"]
[Date "2016.04.20"]
[Round "1.1"]
[White "Karpenko, Artem"]
[Black "Khmelev, Mikhail"]
[Result "1-0"]
[WhiteElo "2324"]
[BlackElo "1917"]
[PlyCount "79"]
[EventDate "2016.04.20"]

1. d4 Nf6 2. c4 c5 3. d5 b5 4. cxb5 a6 5. e3 g6 6. Nc3 d6 7. Nf3 Bg7 8. bxa6
O-O 9. e4 Bxa6 10. Bxa6 Nxa6 11. O-O Qa5 12. Bd2 Rfb8 13. Rb1 Qc7 14. Qe2 Nb4
15. a3 Na6 16. h3 Rb3 17. Nb5 Qd7 18. a4 Nb4 19. Bc3 Na2 20. Qc2 Nxc3 21. bxc3
Rxb1 22. Rxb1 Ne8 23. Nd2 Nc7 24. Nc4 Rb8 25. Na5 Ra8 26. Nc6 Bf6 27. Nxc7 Qxc7
28. Rb5 Kg7 29. Qb3 Qc8 30. c4 e6 31. Rb8 Rxb8 32. Qxb8 Qa6 33. Qb5 Qa8 34.
dxe6 fxe6 35. a5 Bd4 36. a6 Qf8 37. Nxd4 cxd4 38. Qb7+ Kh6 39. a7 Qf4 40. g3
1-0

[Event "Russian Championship B17 1st league 2016"]
[Site "Loo"]
[Date "2016.04.20"]
[Round "1.2"]
[White "Veklich, Igor"]
[Black "Ofitserian, Boris"]
[Result "1/2-1/2"]
[WhiteElo "1914"]
[BlackElo "2313"]
[PlyCount "110"]
[EventDate "2016.04.20"]

1. e4 c5 2. Nf3 d6 3. d4 cxd4 4. Nxd4 Nf6 5. Nc3 a6 6. Be2 e6 7. O-O Be7 8. Be3
O-O 9. Qd2 Qc7 10. f4 Nc6 11. Rad1 Bd7 12. Kh1 Rac8 13. Nb3 b5 14. Bd3 Rfd8 15.
a4 b4 16. Ne2 Be8 17. a5 Qb7 18. Bb6 Rd7 19. Ng3 Bd8 20. Qe2 Ra8 21. Bxd8 Rdxd8
22. e5 Nd5 23. exd6 Rxd6 24. Nc5 Qe7 25. Nce4 Rdd8 26. f5 Nd4 27. Qf2 Nxf5 28.
Nxf5 exf5 29. Qxf5 g6 30. Qf3 f5 31. Ng3 Bf7 32. Rfe1 Qc7 33. b3 Nc3 34. Rc1
Qxa5 35. Bxf5 Qb6 36. Bd3 Bd5 37. Qg4 Qc6 38. Nf5 Bxg2+ 39. Qxg2 Qxg2+ 40. Kxg2
gxf5 41. Re7 Nd5 42. Bc4 Kh8 43. Re5 Nf4+ 44. Kh1 Ng6 45. Rxf5 Rd2 46. Bd3 Kg7
47. Rcf1 a5 48. h4 Rf8 49. Rxf8 Nxf8 50. Ra1 Ng6 51. Rxa5 Nxh4 52. Be4 Re2 53.
Bd3 Rd2 54. Be4 Re2 55. Bd3 Rd2 1/2-1/2

[Event "Russian Championship B17 1st league 2016"]
[Site "Loo"]
[Date "2016.04.20"]
[Round "1.3"]
[White "Shkurkin, Andrey"]
[Black "Maltsevskiy, Nikolay"]
[Result "1-0"]
[WhiteElo "2255"]
[BlackElo "1889"]
[PlyCount "41"]
[EventDate "2016.04.20"]

1. d4 Nf6 2. c4 g6 3. Nc3 Bg7 4. e4 d6 5. f4 c5 6. d5 O-O 7. Nf3 e6 8. Be2 exd5
9. cxd5 Re8 10. e5 dxe5 11. fxe5 Ng4 12. Bg5 Qb6 13. O-O Nxe5 14. d6 Qxb2 15.
Nd5 Nxf3+ 16. Bxf3 Qxa1 17. Qxa1 Bxa1 18. Rxa1 Nc6 19. Nf6+ Kh8 20. Nxe8 Bd7
21. Nf6 1-0

[Event "Russian Championship B17 1st league 2016"]
[Site "Loo"]
[Date "2016.04.20"]
[Round "1.4"]
[White "Kravchenko, Daniil"]
[Black "Goltsev, Dmitry"]
[Result "0-1"]
[WhiteElo "1876"]
[BlackElo "2169"]
[PlyCount "76"]
[EventDate "2016.04.20"]

1. d4 Nf6 2. c4 c6 3. Nc3 d5 4. cxd5 cxd5 5. Bf4 Nc6 6. e3 a6 7. Bd3 Bg4 8.
Nge2 e6 9. h3 Bh5 10. Rc1 Nd7 11. a3 Rc8 12. Qc2 b5 13. O-O Bg6 14. Bxg6 hxg6
15. f3 Nb6 16. e4 Be7 17. exd5 exd5 18. Rfe1 O-O 19. Rcd1 Bf6 20. Bg3 Nc4 21.
Bf2 Re8 22. Kh1 Bg5 23. Ng3 Qd6 24. Nf1 Bf6 25. Rxe8+ Rxe8 26. Bg3 Qd7 27. Qf2
Qa7 28. Nxd5 Bxd4 29. Qc2 Bxb2 30. a4 Nd4 31. Qd3 Ne2 32. Bh2 Qf2 33. Nf4 Nxf4
34. Bxf4 Re2 35. Qd8+ Kh7 36. Qg5 f6 37. Qg4 f5 38. Qg3 bxa4 0-1

[Event "Russian Championship B17 1st league 2016"]
[Site "Loo"]
[Date "2016.04.20"]
[Round "1.6"]
[White "Nakonechny, Ignat"]
[Black "Vasilenok, Anton"]
[Result "1-0"]
[WhiteElo "1857"]
[BlackElo "2159"]
[PlyCount "129"]
[EventDate "2016.04.20"]

1. e4 c5 2. Nf3 d6 3. d4 cxd4 4. Nxd4 Nf6 5. Nc3 a6 6. Be2 e5 7. Nb3 Be7 8. O-O
O-O 9. Be3 Nbd7 10. Qd2 b5 11. f3 Bb7 12. Rad1 Rc8 13. Qe1 b4 14. Nb1 Rxc2 15.
Bd3 Rc7 16. Qxb4 d5 17. Qa5 d4 18. Bf2 Qb8 19. Qd2 Rfc8 20. Qe2 Nh5 21. g3 g6
22. Na5 Nc5 23. Bc4 Bc6 24. Nxc6 Rxc6 25. b3 Bg5 26. Bd5 Rf6 27. Na3 Qb4 28.
Nc4 Re8 29. Be1 Qb8 30. Kg2 Ne6 31. Bxe6 Rfxe6 32. Bd2 Be7 33. Qd3 Ng7 34. Rde1
f5 35. Kg1 Bf6 36. Re2 Qa8 37. Rfe1 Qb7 38. Bc1 Qd7 39. Ba3 Be7 40. exf5 gxf5
41. Bxe7 R8xe7 42. Nxe5 Qd5 43. f4 Rc7 44. Nc4 Rce7 45. Re5 Rxe5 46. Nxe5 Re6
47. Kf2 h6 48. Qc4 Qxc4 49. Nxc4 Rxe1 50. Kxe1 Kf7 51. Kd2 Ke6 52. Kd3 Kd5 53.
b4 Ne6 54. Ne5 Nd8 55. Nf3 Nc6 56. a3 h5 57. h3 a5 58. bxa5 Nxa5 59. Nxd4 Nc4
60. Nxf5 Nxa3 61. Ng7 h4 62. g4 Nb5 63. Nf5 Nc7 64. Nxh4 Ne6 65. Ng2 1-0

[Event "Russian Championship B17 1st league 2016"]
[Site "Loo"]
[Date "2016.04.20"]
[Round "1.7"]
[White "Azimov, Ilyas"]
[Black "Maximov, Kirill"]
[Result "0-1"]
[WhiteElo "2154"]
[BlackElo "1844"]
[PlyCount "100"]
[EventDate "2016.04.20"]

1. e4 c5 2. Nf3 Nf6 3. e5 Nd5 4. Nc3 e6 5. Nxd5 exd5 6. d4 Nc6 7. dxc5 Bxc5 8.
Qxd5 Qb6 9. Bc4 Bxf2+ 10. Ke2 O-O 11. Rf1 Nb4 12. Qe4 d5 13. exd6 Be6 14. Bxe6
Rae8 15. Ng5 Rxe6 16. Nxe6 Re8 17. Be3 Bxe3 18. Qf5 Qa6+ 19. Ke1 Bf4 20. Rxf4
Rxe6+ 21. Re4 Nxc2+ 22. Kd2 Rxd6+ 23. Kc1 Qc6 24. Qc5 Nxa1 25. b4 Kf8 26. Kb2
Qxc5 27. bxc5 Rc6 28. Kxa1 Rxc5 29. Kb2 Rf5 30. Re2 b6 31. Kc3 f6 32. Rd2 Ke7
33. Kb4 Rc5 34. a4 a5+ 35. Kb3 h5 36. Re2+ Kf7 37. Rd2 Rc6 38. Rd5 g5 39. Rd7+
Kg6 40. Rb7 h4 41. h3 f5 42. Rb8 g4 43. Rg8+ Kh5 44. Rh8+ Kg5 45. Kb2 Rh6 46.
Rf8 Rc6 47. Rh8 Rc4 48. Kb3 Rb4+ 49. Ka3 gxh3 50. gxh3 Re4 0-1

[Event "Russian Championship B17 1st league 2016"]
[Site "Loo"]
[Date "2016.04.20"]
[Round "1.8"]
[White "Polozhentsev, Maksim"]
[Black "Postnikov, Artem"]
[Result "0-1"]
[WhiteElo "1829"]
[BlackElo "2147"]
[PlyCount "39"]
[EventDate "2016.04.20"]

1. d4 d5 2. c4 c6 3. Nc3 dxc4 4. a4 e5 5. dxe5 Qxd1+ 6. Kxd1 Be6 7. e4 Na6 8.
f4 Rd8+ 9. Bd2 Nc5 10. Rc1 Nb3 11. Rc2 f5 12. exf6 Nxf6 13. Ke1 Bb4 14. f5 Nxd2
15. Rxd2 Rxd2 16. Kxd2 Nxe4+ 17. Ke3 Nxc3 18. bxc3 Bc5+ 19. Ke4 O-O 20. Ke5 0-1

[Event "Russian Championship B17 1st league 2016"]
[Site "Loo"]
[Date "2016.04.20"]
[Round "1.9"]
[White "Tokmashov, Maxim"]
[Black "Efimenko, Aleksandr"]
[Result "1-0"]
[WhiteElo "2145"]
[BlackElo "1819"]
[PlyCount "57"]
[EventDate "2016.04.20"]

1. Nf3 d5 2. b3 Bf5 3. Bb2 e6 4. e3 Nf6 5. Be2 Bd6 6. O-O O-O 7. c4 c6 8. Nc3
Nbd7 9. Nh4 Bg6 10. Nxg6 hxg6 11. d4 Nh7 12. Bd3 f5 13. Ne2 Qh4 14. g3 Qh6 15.
Kg2 g5 16. Ng1 Ndf6 17. f3 Rf7 18. Qe2 f4 19. exf4 gxf4 20. Nh3 Re8 21. Rae1
Ng5 22. Nxg5 Qxg5 23. g4 g6 24. Qf2 Nxg4 25. fxg4 f3+ 26. Kh1 Rh7 27. Bc1 Qxg4
28. Rg1 Qh4 29. Rxg6+ 1-0

[Event "Russian Championship B17 1st league 2016"]
[Site "Loo"]
[Date "2016.04.20"]
[Round "1.10"]
[White "Shastitko, Danil"]
[Black "Anchutin, Nikita"]
[Result "1-0"]
[WhiteElo "1809"]
[BlackElo "2142"]
[PlyCount "42"]
[EventDate "2016.04.20"]

1. e4 c5 2. a3 g6 3. b4 Bg7 4. Nc3 b6 5. g3 Nc6 6. Rb1 e6 7. Bg2 Nge7 8. e5 Rb8
9. bxc5 Bxe5 10. Ne4 bxc5 11. Rxb8 Nxb8 12. Nf3 Bg7 13. Nd6+ Kf8 14. Ng5 f6 15.
Ndf7 Qe8 16. Qf3 Nf5 17. Nxh8 fxg5 18. g4 Bxh8 19. gxf5 gxf5 20. Qb3 Nc6 21.
Bxc6 dxc6 {далее запись неразбор~~ива} 1-0

[Event "Russian Championship B17 1st league 2016"]
[Site "Loo"]
[Date "2016.04.20"]
[Round "1.11"]
[White "Gitelson, Arkady"]
[Black "Tchentsov, Daniil"]
[Result "1-0"]
[WhiteElo "2123"]
[BlackElo "1802"]
[PlyCount "65"]
[EventDate "2016.04.20"]

1. Nf3 d5 2. g3 Nf6 3. Bg2 e6 4. O-O Be7 5. d4 c5 6. c4 O-O 7. Nc3 Nc6 8. cxd5
exd5 9. Bg5 c4 10. Ne5 Be6 11. Nxc4 dxc4 12. Bxf6 Bxf6 13. d5 Bxd5 14. Qxd5
Qxd5 15. Bxd5 Rfd8 16. Bxc4 Rd2 17. Rab1 Bxc3 18. bxc3 Ne5 19. Bb3 Rxe2 20. f4
Nc6 21. Bd5 Rd2 22. c4 Na5 23. a4 Rb8 24. f5 b6 25. f6 Nb7 26. fxg7 Nd6 27.
Rbe1 Rc8 28. Re7 Kxg7 29. Rd7 Nxc4 30. Rdxf7+ Kg6 31. R1f6+ Kg5 32. h4+ Kg4 33.
Rg7+ 1-0

[Event "Russian Championship B17 1st league 2016"]
[Site "Loo"]
[Date "2016.04.20"]
[Round "1.13"]
[White "Indzhiev, Aldar"]
[Black "Kuzmichev, Artem"]
[Result "1-0"]
[WhiteElo "2081"]
[BlackElo "1792"]
[PlyCount "151"]
[EventDate "2016.04.20"]

1. d4 Nf6 2. Nf3 g6 3. g3 Bg7 4. c4 d6 5. Bg2 c5 6. O-O O-O 7. Nc3 cxd4 8. Nxd4
Nc6 9. Nxc6 bxc6 10. Rb1 Rb8 11. Bxc6 Qc7 12. Qa4 Bh3 13. Re1 e6 14. Bf3 Ng4
15. Nb5 Qb6 16. Qxa7 Ne5 17. Qxb6 Rxb6 18. Be3 Ra6 19. Bb7 Rxa2 20. Nc3 Ra5 21.
b4 Ra3 22. Nb5 Ra2 23. Nxd6 Ng4 24. Bc5 Rd8 25. Nb5 Rdd2 26. Bf3 Ne5 27. Be3
Nxc4 28. Bxd2 Nxd2 29. Rbd1 Bf8 30. Nc3 Rb2 31. Rxd2 Rxd2 32. Rb1 Rc2 33. Nd1
Rd2 34. b5 Bc5 35. Nc3 Bf5 36. Ra1 Bd4 37. Ra8+ Kg7 38. Ra3 Bh3 39. Bg2 Bxc3
40. Bxh3 Bd4 41. e3 Rd1+ 42. Bf1 Bc5 43. Rc3 Bd6 44. Rb3 Bb8 45. Kg2 Kf6 46. b6
Rd8 47. b7 Ke7 48. Be2 Rd6 49. Rc3 Rd8 50. Rc8 Kd7 51. Bb5+ Ke7 52. f4 h5 53.
Kf3 e5 54. e4 exf4 55. gxf4 f6 56. h3 Bd6 57. f5 g5 58. Bc4 h4 59. Be6 Bf4 60.
Kg4 Be5 61. Kh5 Bb8 62. Bc4 Kd7 63. Bb5+ Ke7 64. Kg6 Be5 65. b8=Q Bxb8 66. Rxd8
Kxd8 67. Kxf6 g4 68. hxg4 h3 69. e5 h2 70. Bc6 h1=B 71. Bxh1 Ke8 72. g5 Kf8 73.
g6 Bd6 74. exd6 Ke8 75. Bc6+ Kd8 76. g7 1-0

[Event "Russian Championship B17 1st league 2016"]
[Site "Loo"]
[Date "2016.04.20"]
[Round "1.14"]
[White "Natarov, Ilya"]
[Black "Levenshtein, Mark"]
[Result "0-1"]
[WhiteElo "1767"]
[BlackElo "2062"]
[PlyCount "94"]
[EventDate "2016.04.20"]

1. d4 Nf6 2. c4 g6 3. Nc3 d5 4. cxd5 Nxd5 5. e4 Nxc3 6. bxc3 Bg7 7. Bc4 c5 8.
Ne2 O-O 9. O-O cxd4 10. cxd4 Nc6 11. Be3 b6 12. Rc1 Bb7 13. f3 Rc8 14. Qd2 Re8
15. Rfd1 Qd7 16. a4 Red8 17. Qa2 e6 18. Bg5 Nxd4 19. Bxd8 Rxd8 20. Nxd4 Bxd4+
21. Kh1 Qd6 22. Rd3 Kg7 23. Rcd1 Qc5 24. Qb3 a6 25. R3d2 Rd7 26. Be2 e5 27. Rc2
Qd6 28. Rdc1 f5 29. exf5 gxf5 30. Rc4 Bd5 31. Rxd4 Bxb3 32. Rxd6 Rxd6 33. Bxa6
Bxa4 34. Bc8 Kf6 35. Kg1 b5 36. Rc7 Kg6 37. g4 fxg4 38. fxg4 Rd2 39. Bf5+ Kg5
40. Rxh7 b4 41. h4+ Kf4 42. Rb7 Rb2 43. h5 Bc6 44. Rb6 Bf3 45. h6 Kg3 46. Rd6
Rh2 47. h7 Rh1# 0-1

[Event "Russian Championship B17 1st league 2016"]
[Site "Loo"]
[Date "2016.04.20"]
[Round "1.15"]
[White "Isagov, Nariman"]
[Black "Sokolov, Ilia"]
[Result "1-0"]
[WhiteElo "2057"]
[BlackElo "1764"]
[PlyCount "85"]
[EventDate "2016.04.20"]

1. d4 d5 2. c4 c6 3. Nf3 Nf6 4. g3 e6 5. Bg2 dxc4 6. a4 Nbd7 7. O-O Bd6 8. Qc2
O-O 9. Na3 Re8 10. Nxc4 Bb8 11. Rd1 Qe7 12. Nfe5 Nd5 13. e4 N5b6 14. f4 Bxe5
15. Nxe5 Nxe5 16. dxe5 Nd7 17. Be3 c5 18. Rd6 b6 19. a5 Rb8 20. Qd2 f6 21. exf6
gxf6 22. Rd1 Nf8 23. axb6 axb6 24. e5 f5 25. Bc6 Bb7 26. Bxe8 Qxe8 27. Rxb6 Bd5
28. Rxb8 Qxb8 29. Bxc5 Qb3 30. Be3 Qa4 31. b4 Ng6 32. Rc1 Ne7 33. Qc2 Qa3 34.
Qc3 Qa2 35. Bf2 Qe2 36. Qe3 Qb5 37. Qc5 Qb7 38. Qc7 Qxb4 39. Bc5 Qd2 40. Qd8+
Kf7 41. Qxe7+ Kg6 42. Qf6+ Kh5 43. Qg5# 1-0

[Event "Russian Championship B17 1st league 2016"]
[Site "Loo"]
[Date "2016.04.20"]
[Round "1.16"]
[White "Gavrik, Aleksandr"]
[Black "Shcherbashin, Victor"]
[Result "1-0"]
[WhiteElo "1736"]
[BlackElo "2057"]
[PlyCount "141"]
[EventDate "2016.04.20"]

1. e4 c5 2. Nf3 Nc6 3. d4 cxd4 4. Nxd4 Nf6 5. Nc3 e5 6. Ndb5 d6 7. Bg5 a6 8.
Na3 b5 9. Nd5 Be7 10. Nxe7 Nxe7 11. Bxf6 gxf6 12. c3 f5 13. exf5 Bxf5 14. Be2
d5 15. O-O O-O 16. Nc2 Bxc2 17. Qxc2 f5 18. Rad1 Kh8 19. a4 bxa4 20. Qxa4 a5
21. Rd2 Qb6 22. Rfd1 Rab8 23. Qa3 Rf7 24. Ra1 Ra8 25. b4 a4 26. Rda2 Rg7 27.
Qb2 Ng6 28. Rxa4 Rxa4 29. Rxa4 h6 30. Ra6 Qd8 31. g3 Qg5 32. Bf1 f4 33. Qd2 e4
34. Rd6 e3 35. Qxd5 fxg3 36. hxg3 exf2+ 37. Kxf2 Ne5 38. Rd8+ Kh7 39. Bd3+
Nxd3+ 40. Qxd3+ Rg6 41. Rd7+ Kh8 42. Qd4+ Rf6+ 43. Kg2 Qf5 44. Rd8+ Kh7 45.
Qd7+ Qxd7 46. Rxd7+ Kg6 47. c4 Rb6 48. b5 Kf5 49. Kf3 Rf6 50. Rd5+ Ke6+ 51. Ke4
Rg6 52. Kf3 Rf6+ 53. Kg2 Rf8 54. Rh5 Rf6 55. c5 Kd7 56. Rd5+ Kc7 57. b6+ Kc6
58. Rd6+ Rxd6 59. cxd6 Kxb6 60. Kf3 Kc6 61. Kg4 Kxd6 62. Kh5 Ke5 63. Kxh6 Kf5
64. Kh5 Kf6 65. g4 Kg7 66. Kg5 Kh7 67. Kf6 Kh6 68. g5+ Kh7 69. Kf7 Kh8 70. Kg6
Kg8 71. Kh6 1-0

[Event "Russian Championship B17 1st league 2016"]
[Site "Loo"]
[Date "2016.04.20"]
[Round "1.17"]
[White "Spiridonov, Evgeny"]
[Black "Revutskiy, Svyatoslav"]
[Result "1/2-1/2"]
[WhiteElo "2057"]
[BlackElo "1734"]
[PlyCount "54"]
[EventDate "2016.04.20"]

1. d4 Nf6 2. c4 e6 3. Nc3 Bb4 4. e3 O-O 5. Bd3 d5 6. Nf3 c5 7. O-O Nc6 8. a3
Bxc3 9. bxc3 Qc7 10. a4 Rd8 11. cxd5 exd5 12. Ba3 c4 13. Bc2 Bg4 14. Qc1 Bxf3
15. gxf3 Qd7 16. Kg2 Re8 17. Qb1 Ne4 18. fxe4 Qg4+ 19. Kh1 Qf3+ 20. Kg1 Re6 21.
exd5 Nxd4 22. cxd4 Qg4+ 23. Kh1 Qf3+ 24. Kg1 Qg4+ 25. Kh1 Qf3+ 26. Kg1 Qg4+ 27.
Kh1 Qf3+ 1/2-1/2

[Event "Russian Championship B17 1st league 2016"]
[Site "Loo"]
[Date "2016.04.20"]
[Round "1.18"]
[White "Tsukhaev, Isa"]
[Black "Petrenko, Kirill"]
[Result "1-0"]
[WhiteElo "1723"]
[BlackElo "2050"]
[PlyCount "83"]
[EventDate "2016.04.20"]

1. e4 e6 2. d4 d5 3. Nc3 Nf6 4. Bg5 dxe4 5. Nxe4 Be7 6. Nxf6+ Bxf6 7. Bxf6 Qxf6
8. Nf3 O-O 9. Bc4 c5 10. c3 Rd8 11. Qe2 cxd4 12. Nxd4 a6 13. O-O e5 14. Rfe1
Nd7 15. Nf3 Re8 16. Rad1 b5 17. Bb3 Ra7 18. Rd5 e4 19. Bc2 Nb6 20. Rd4 e3 21.
fxe3 Nc4 22. Qd3 g6 23. b3 Ne5 24. Nxe5 Qxe5 25. Rd8 Rae7 26. Rxe8+ Rxe8 27.
Qd4 Bb7 28. Qxe5 Rxe5 29. Bd3 Bd5 30. Kf2 Kf8 31. c4 bxc4 32. bxc4 Be6 33. Rc1
Rc5 34. e4 Ke7 35. Ke3 Ra5 36. Rc2 f5 37. Kd4 fxe4 38. Bxe4 Kd7 39. Rb2 Ra4 40.
Bd5 Bf5 41. Ke5 h5 42. c5 1-0

[Event "Russian Championship B17 1st league 2016"]
[Site "Loo"]
[Date "2016.04.20"]
[Round "1.19"]
[White "Zhuravlev, Stepan"]
[Black "Sambyla, Subuday"]
[Result "1-0"]
[WhiteElo "2046"]
[BlackElo "1722"]
[PlyCount "113"]
[EventDate "2016.04.20"]

1. d4 Nf6 2. c4 e6 3. Nc3 d5 4. cxd5 exd5 5. Bg5 c6 6. Qc2 Bb4 7. e3 Nbd7 8.
Bd3 O-O 9. Bxh7+ Kh8 10. Bd3 c5 11. Nf3 c4 12. Bf5 Qa5 13. O-O Bxc3 14. bxc3
Re8 15. Bf4 Nb6 16. Ng5 Bxf5 17. Qxf5 Kg8 18. e4 Rxe4 19. Be5 Nbd7 20. Nxe4
dxe4 21. Qg5 Qxc3 22. Rac1 Qd3 23. Rfd1 Qa3 24. Rxc4 Ne8 25. Qd2 Qe7 26. Bg3
Nb6 27. Rc5 f6 28. h3 Rd8 29. Qc2 Nd5 30. Re1 b6 31. Rxe4 Qf7 32. Rc8 Nb4 33.
Qc4 Qxc4 34. Rxc4 Nxa2 35. Re2 b5 36. Rc5 Nb4 37. Rxb5 Nc6 38. Rd2 Nxd4 39.
Rbb2 Kf8 40. f3 Nc6 41. Rxd8 Nxd8 42. Ra2 Nc6 43. Ra6 Nd4 44. Rxa7 Ne2+ 45. Kf2
Nxg3 46. Kxg3 Kg8 47. Kf4 Nd6 48. h4 Kh7 49. g4 Nb5 50. Ra5 Nc3 51. Rc5 Ne2+
52. Ke3 Ng1 53. Kf2 Nh3+ 54. Kg3 Ng1 55. Rc2 g5 56. hxg5 fxg5 57. Kg2 1-0

[Event "Russian Championship B17 1st league 2016"]
[Site "Loo"]
[Date "2016.04.20"]
[Round "1.20"]
[White "Getman, Dmitriy"]
[Black "Kolmagorov, Alexey"]
[Result "0-1"]
[WhiteElo "1716"]
[BlackElo "2037"]
[PlyCount "120"]
[EventDate "2016.04.20"]

1. d4 Nf6 2. Nf3 c5 3. c3 d5 4. Bf4 Qb6 5. Qb3 c4 6. Qxb6 axb6 7. Nbd2 b5 8. a3
Nc6 9. Rc1 h6 10. Ne5 Nh5 11. e3 Nxf4 12. exf4 Bf5 13. g3 g5 14. Nxc6 bxc6 15.
fxg5 hxg5 16. Bg2 Bd3 17. h3 O-O-O 18. Bf1 Bf5 19. Bg2 Rd6 20. Nf3 f6 21. g4
Be4 22. Kd2 Bxf3 23. Bxf3 e5 24. Rce1 Re6 25. Bg2 Kc7 26. Ra1 Bd6 27. Rhe1 Ra8
28. Re2 Kb6 29. Rae1 Rae8 30. Kc2 Bb8 31. Kd2 Kc7 32. dxe5 fxe5 33. a4 Kd6 34.
axb5 cxb5 35. Kc2 Ba7 36. Rd2 d4 37. Be4 d3+ 38. Kb1 Rh8 39. Bg2 Rf8 40. f3 Kc5
41. b4+ Kd6 42. Ra2 Bb6 43. Rd1 Kc7 44. Re1 Rd8 45. Rd1 Be3 46. Kb2 d2 47. Kc2
Rf6 48. Raa1 Kb6 49. Ra5 e4 50. fxe4 Rf2 51. Bf1 Rdf8 52. Raa1 Kc6 53. Ra6+ Kd7
54. Raa1 Ke6 55. Ra6+ Ke5 56. Raa1 Kxe4 57. Kb2 R8f3 58. Kc2 Bf4 59. Rab1 Be5
60. Rxd2 Rxc3+ 0-1

[Event "Russian Championship B17 1st league 2016"]
[Site "Loo"]
[Date "2016.04.20"]
[Round "1.21"]
[White "Tyatyushkin, Danil"]
[Black "Kavyev, Emil"]
[Result "1-0"]
[WhiteElo "2028"]
[BlackElo "1699"]
[PlyCount "71"]
[EventDate "2016.04.20"]

1. e4 c5 2. c3 d5 3. exd5 Qxd5 4. d4 Nf6 5. Nf3 Bg4 6. dxc5 Qxc5 7. Na3 a6 8.
Be3 Qc7 9. Be2 e6 10. Qa4+ Nbd7 11. h3 Bxa3 12. Qxa3 Bh5 13. O-O Nd5 14. Bd2
Ne5 15. Bb5+ Nd7 16. Nd4 Rd8 17. Ba4 b5 18. Bc2 Nc5 19. b4 Nd7 20. Qxa6 Nxc3
21. Bg5 Nf6 22. Bxf6 gxf6 23. Nxe6 Ne2+ 24. Kh1 fxe6 25. Qxe6+ Qe7 26. Qc6+ Qd7
27. Qxf6 Qd4 28. Qe6+ Kf8 29. Rad1 Qh4 30. Rxd8+ Qxd8 31. Qe5 Rg8 32. Qxh5 Nd4
33. Qc5+ Kf7 34. Be4 Rg5 35. Qa7+ Kg8 36. Rd1 1-0